000 00298nam a22001337a 4500
008 171013b xxu||||| |||| 00| 0 eng d
020 _a9780070596726
041 _aeng
080 _a316
100 _a50
101 _aSOC
245 _aMORALITY AND THE GOOD LIFE
_cSOLOMON, R.C
942 _2udc
_cBK
999 _c33587
_d33587